Central bank vulnerability and the credibility of commitments <a> value-at-risk approach to currency crises

Gespeichert in:
Bibliographische Detailangaben
1. Verfasser: Blejer, Mario I.
Weitere Verfasser: Schumacher, Liliana
Format: Buch
Sprache:Englisch
Veröffentlicht: Washington IMF 1998
Schriftenreihe:IMF working paper WP/98/65
Schlagworte:
Tags: Tag hinzufügen
Keine Tags, Fügen Sie das erste Tag hinzu!

MARC

LEADER 00000nam a2200000 4500
001 c106284
005 20221221081802.2
041 0 |a eng 
044 |a US 
245 1 0 |a Central bank vulnerability and the credibility of commitments  |b <a> value-at-risk approach to currency crises  |c Prepared by Mario I. Blejer, Liliana Schumacher 
264 1 |a Washington  |b IMF  |c 1998 
300 |a 29 s. 
490 1 |a IMF working paper  |v WP/98/65 
830 0 |a IMF working paper  |v WP/98/65 
610 2 0 |a banky 
610 2 0 |a banky centrálne 
610 2 0 |a bankovníctvo 
610 2 0 |a záväzky 
610 2 0 |a financie 
610 2 0 |a politika finančná 
610 2 0 |a riziko 
610 2 0 |a mena 
610 2 0 |a kríza menová 
610 2 0 |a portfólio 
610 2 0 |a modely 
610 2 0 |a peniaze 
610 2 0 |a metóda Value at Risk 
100 1 |a Blejer, Mario I. 
700 1 |a Schumacher, Liliana